|
|
|
|
| LEADER |
00000nam0a2200000 4500 |
| 001 |
151061 |
| 005 |
20231101221532.0 |
| 010 |
|
|
|a 9785948361918
|
| 035 |
|
|
|a (RuTPU)RU\TPU\book\163794
|
| 090 |
|
|
|a 151061
|
| 100 |
|
|
|a 20090119d2008 m y0rusy50 ca
|
| 101 |
1 |
|
|a rus
|c eng
|
| 102 |
|
|
|a RU
|
| 105 |
|
|
|a a z 001zy
|
| 200 |
1 |
|
|a Волоконно-оптические датчики. Вводный курс для инженеров и научных работников
|e пер. с англ.
|f под ред. Э. Удда
|
| 210 |
|
|
|a Москва
|c Техносфера
|d 2008
|
| 215 |
|
|
|a 520 с.
|c ил.
|
| 225 |
1 |
|
|a Мир электроники
|
| 320 |
|
|
|a Библиография в конце глав.
|
| 330 |
|
|
|a Книга, написанная всемирно известными специалистами, представляет собой вводный курс в быстро развивающуюся и охватывающую новые сферы приложений область волоконно-оптических датчиков. В каждом из трех разделов — «Основные компоненты», «Технология» и «Приложения» — приводятся отдельные примеры основных достижений в этой области. Вместе они предоставляют инженерам, научным работникам, студентам старших курсов и аспирантам возможность составить полное впечатление о волоконно-оптических датчиках. Книга может использоваться в качестве пособия при чтении учебных курсов, а также на промышленных семинарах по волоконно-оптическим датчикам.
|
| 606 |
1 |
|
|a Датчики волоконно-оптические
|2 stltpush
|3 (RuTPU)RU\TPU\subj\67854
|9 83502
|
| 610 |
1 |
|
|a оптоволокно
|
| 610 |
1 |
|
|a оптические волокна
|
| 610 |
1 |
|
|a типы
|
| 610 |
1 |
|
|a изготовление
|
| 610 |
1 |
|
|a свойства
|
| 610 |
1 |
|
|a источники света
|
| 610 |
1 |
|
|a когерентность
|
| 610 |
1 |
|
|a оптическое излучение
|
| 610 |
1 |
|
|a приемники
|
| 610 |
1 |
|
|a оптические модуляторы
|
| 610 |
1 |
|
|a датчики интенсивности
|
| 610 |
1 |
|
|a многомодовые дифракционные датчики
|
| 610 |
1 |
|
|a датчики поляризации
|
| 610 |
1 |
|
|a интерферометр Майкельсона
|
| 610 |
1 |
|
|a интерферометр Саньяка
|
| 610 |
1 |
|
|a интерферометр Маха-Цендера
|
| 610 |
1 |
|
|a оптоволоконные датчики
|
| 610 |
1 |
|
|a индустриальные приложения
|
| 610 |
1 |
|
|a интеллектуальные структуры
|
| 675 |
|
|
|a 681.586.7
|v 3
|
| 702 |
|
1 |
|a Удд
|b Э.
|g Эрик
|4 340
|
| 801 |
|
1 |
|a RU
|b 63413507
|c 20090119
|g PSBO
|
| 801 |
|
2 |
|a RU
|b 63413507
|c 20160115
|g PSBO
|
| 900 |
|
|
|a Оптоэлектроника
|
| 900 |
|
|
|a Квантовая и оптическая электроника
|
| 942 |
|
|
|c BK
|
| 959 |
|
|
|a 8/20090116
|d 1
|e 583,00
|f ЧЗТЛ:1
|